| 000 -LEADER |
| fixed length control field |
02181cam a2200325 i 4500 |
| 001 - CONTROL NUMBER |
| control field |
20361455 |
| 003 - CONTROL NUMBER IDENTIFIER |
| control field |
OSt |
| 005 - DATE AND TIME OF LATEST TRANSACTION |
| control field |
20230913081930.0 |
| 008 - FIXED-LENGTH DATA ELEMENTS--GENERAL INFORMATION |
| fixed length control field |
180215s2018 nyua b 001 0 eng |
| 010 ## - LIBRARY OF CONGRESS CONTROL NUMBER |
| LC control number |
2018007768 |
| 020 ## - INTERNATIONAL STANDARD BOOK NUMBER |
| International Standard Book Number |
9780815361046 |
| 040 ## - CATALOGING SOURCE |
| Original cataloging agency |
DLC |
| Language of cataloging |
eng |
| Transcribing agency |
DLC |
| Description conventions |
rda |
| Modifying agency |
DLC |
| -- |
KH8 |
| 042 ## - AUTHENTICATION CODE |
| Authentication code |
pcc |
| 082 00 - DEWEY DECIMAL CLASSIFICATION NUMBER |
| Classification number |
792.02 MER |
| Edition number |
23 |
| 100 1# - MAIN ENTRY--PERSONAL NAME |
| Personal name |
Merlin, Bella, |
| Relator term |
author. |
| 245 10 - TITLE STATEMENT |
| Title |
Konstantin Stanislavsky / |
| Statement of responsibility, etc. |
Bella Merlin. |
| 250 ## - EDITION STATEMENT |
| Edition statement |
Second edition. |
| 264 #1 - PRODUCTION, PUBLICATION, DISTRIBUTION, MANUFACTURE, AND COPYRIGHT NOTICE |
| Place of production, publication, distribution, manufacture |
London ; |
| -- |
New York : |
| Name of producer, publisher, distributor, manufacturer |
Routledge, |
| Date of production, publication, distribution, manufacture, or copyright notice |
2018. |
| 300 ## - PHYSICAL DESCRIPTION |
| Extent |
xvi, 195 pages : |
| Other physical details |
illustrations ; |
| Dimensions |
21 cm. |
| 336 ## - CONTENT TYPE |
| Content type term |
text |
| Content type code |
txt |
| Source |
rdacontent |
| 337 ## - MEDIA TYPE |
| Media type term |
unmediated |
| Media type code |
n |
| Source |
rdamedia |
| 338 ## - CARRIER TYPE |
| Carrier type term |
volume |
| Carrier type code |
nc |
| Source |
rdacarrier |
| 490 0# - SERIES STATEMENT |
| Series statement |
Routledge performance practitioners |
| 504 ## - BIBLIOGRAPHY, ETC. NOTE |
| Bibliography, etc. note |
Includes bibliographical references (pages 183-187) and index. |
| 505 2# - FORMATTED CONTENTS NOTE |
| Formatted contents note |
I: BIOGRAPHY IN SOCIAL AND ARTISTIC CONTEXT -- 2: SUMMARY AND ANALYSIS OF AN ACTOR PREPARES -- 3: DESCRIPTION AND ANALYSIS OF THE SEAGULL -- 4: PRACTICAL EXERCISES. |
| 520 ## - SUMMARY, ETC. |
| Summary, etc. |
"Routledge Performance Practitioners is a series of introductory guides to the key theatre-makers of the last century. Each volume explains the background to and the work of one of the major influences on twentieth- and twenty-first-century performance. These compact, well-illustrated and clearly written books will unravel the contribution of modern theatre's most charismatic innovators. This significantly revised second edition combines: - an overview of Stanislavsky's life and work, including recent discoveries - an assessment of his widely read text, An Actor Prepares (1936) with comparisons to Benedetti's 2008 translation, An Actor's Work - detailed commentary of the key 1898 production of The Seagull - an indispensable set of practical exercises for actors, teachers and directors. As a first step towards critical understanding, and as an initial exploration before going on to further, primary research, Routledge Performance Practitioners are unbeatable value for today's student." -- |
| Assigning source |
Provided by publisher |
| 600 10 - SUBJECT ADDED ENTRY--PERSONAL NAME |
| Personal name |
Stanislavsky, Konstantin, |
| Dates associated with a name |
1863-1938 |
| General subdivision |
Criticism and interpretation. |
| 650 #0 - SUBJECT ADDED ENTRY--TOPICAL TERM |
| Topical term or geographic name entry element |
Method acting. |
| 942 ## - ADDED ENTRY ELEMENTS (KOHA) |
| Source of classification or shelving scheme |
|
| Koha item type |
Teaching Resources |